| 000 | 00394nam a2200169Ia 4500 | ||
|---|---|---|---|
| 008 | 210210b1951 xxu||||| |||| 00| 0 eng d | ||
| 041 | _aeng | ||
| 082 | _a822/1159 | ||
| 100 | _aSTOREY (G) | ||
| 245 | _aReuters century 1851-1951 | ||
| 260 |
_aLondon _bNot Mentioned _c1951 |
||
| 650 | _aReuters | ||
| 650 | _acentury | ||
| 650 | _a1851-1951 | ||
| 690 | _aEnglish Prose | ||
| 906 | _a013341 | ||
| 999 |
_c132206 _d132206 |
||